[Event "NRW-ch U16/18 Girls"]
[Site "Kranenburg"]
[Date "2003.04.22"]
[Round "3"]
[White "Esser, Susanne"]
[Black "Kartseva, Nataly"]
[Result "0-1"]
[WhiteElo "914"]
[BlackElo "1263"]
[PlyCount "88"]
[EventDate "2003.04.??"]
[EventType "swiss"]
[EventRounds "7"]
[EventCountry "GER"]
[SourceTitle "EXT 2005"]
[Source "ChessBase"]
[SourceDate "2004.11.15"]
[SourceVersion "1"]
[SourceVersionDate "2004.11.15"]
[SourceQuality "1"]

1. e4 d5 2. exd5 Nf6 3. Nc3 Nxd5 4. Nxd5 Qxd5 5. d4 Nc6 6. Nf3 Bg4 7. c3 e5 8. c4 Qe4+ 9. Qe2 Qxe2+ 10. Bxe2 exd4 11. 0-0 Bc5 12. Bf4 0-0-0 13. Rae1 Rhe8 14. h3 Bf5 15. Ng5 f6 16. Bh5 Rxe1 17. Rxe1 fxg5 18. Bxg5 Rd6 19. Re8+ Kd7 20. Bf4 Re6 21. Rf8 Bxf8 22. Bf7 Re1+ 23. Kh2 Re2 24. f3 Rxb2 25. a3 Bxa3 26. Bc1 Ra2 27. Bxa3 Rxa3 28. f4 d3 29. Bh5 d2 30. Be2 Bc2 31. Kg1 d1Q+ 32. Bxd1 Bxd1 33. f5 Rc3 34. Kh2 Rxc4 35. Kg3 a5 36. Kh2 a4 37. Kg1 a3 38. Kh2 a2 39. Kg1 a1Q 40. Kf2 Qb2+ 41. Ke3 Qb3+ 42. Kf2 Rc2+ 43. Ke1 Bh5 44. Kf1 Qb1# 0-1

[Event "NRW-ch U16/18 Girls"]
[Site "Kranenburg"]
[Date "2003.04.22"]
[Round "2"]
[White "Schmale, Lina Maria"]
[Black "Esser, Susanne"]
[Result "1/2-1/2"]
[WhiteElo "1182"]
[BlackElo "914"]
[PlyCount "50"]
[EventDate "2003.04.??"]
[EventType "swiss"]
[EventRounds "7"]
[EventCountry "GER"]
[SourceTitle "EXT 2005"]
[Source "ChessBase"]
[SourceDate "2004.11.15"]
[SourceVersion "1"]
[SourceVersionDate "2004.11.15"]
[SourceQuality "1"]

1. e4 d5 2. f3 dxe4 3. fxe4 e5 4. Nf3 Nc6 5. Bb5 f6 6. 0-0 Bc5+ 7. Kh1 f5 8. Bxc6+ bxc6 9. Nxe5 Qf6 10. d4 Be7 11. Qd3 f4 12. Rxf4 Qe6 13. b3 Nf6 14. Qc4 Qxc4 15. Nxc4 0-0 16. e5 Ng4 17. Rxf8+ Bxf8 18. Bf4 Bf5 19. Nbd2 Bxc2 20. Rf1 Rd8 21. Ne3 Bd3 22. Rc1 Rxd4 23. Nxg4 Rxf4 24. Ne3 Bb4 25. Ndf1 Bxf1 1/2-1/2